Answers to questions that bug believers / (Record no. 5212)
[ view plain ]
| 000 -LEADER | |
|---|---|
| fixed length control field | 00632nam a2200217Ia 4500 |
| 001 - CONTROL NUMBER | |
| control field | 10554698 |
| 003 - CONTROL NUMBER IDENTIFIER | |
| control field | OCoLC |
| 005 - DATE AND TIME OF LATEST TRANSACTION | |
| control field | 20181228152519.0 |
| 008 - FIXED-LENGTH DATA ELEMENTS--GENERAL INFORMATION | |
| fixed length control field | 840323s1977 miu 000 0 eng d |
| 020 ## - INTERNATIONAL STANDARD BOOK NUMBER | |
| International Standard Book Number | 0801059267 |
| 040 ## - CATALOGING SOURCE | |
| Original cataloging agency | CBS |
| Transcribing agency | CBS |
| Modifying agency | m/c |
| -- | MAL |
| 082 ## - DEWEY DECIMAL CLASSIFICATION NUMBER | |
| Classification number | 248.4 |
| Item number | M928A |
| 090 ## - LOCALLY ASSIGNED LC-TYPE CALL NUMBER (OCLC); LOCAL CALL NUMBER (RLIN) | |
| Classification number (OCLC) (R) ; Classification number, CALL (RLIN) (NR) | BV4501.2 |
| Local cutter number (OCLC) ; Book number/undivided call number, CALL (RLIN) | .M68 |
| 092 ## - LOCALLY ASSIGNED DEWEY CALL NUMBER (OCLC) | |
| Classification number | 248.4 |
| Item number | M86a |
| 100 1# - MAIN ENTRY--PERSONAL NAME | |
| Personal name | Mounce, Robert H. |
| 245 10 - TITLE STATEMENT | |
| Title | Answers to questions that bug believers / |
| Statement of responsibility, etc. | Robert H. Mounce ; foreword by Russell T. Hitt. |
| 260 ## - PUBLICATION, DISTRIBUTION, ETC. | |
| Place of publication, distribution, etc. | Grand Rapids, Mich. : |
| Name of publisher, distributor, etc. | Baker Book House, |
| Date of publication, distribution, etc. | c1977. |
| 300 ## - PHYSICAL DESCRIPTION | |
| Extent | 137 p. ; |
| Dimensions | 18 cm. |
| 650 #0 - SUBJECT ADDED ENTRY--TOPICAL TERM | |
| Topical term or geographic name entry element | Christian life |
| Form subdivision | Miscellanea. |
| 942 ## - ADDED ENTRY ELEMENTS (KOHA) | |
| Source of classification or shelving scheme | Dewey Decimal Classification |
| Koha item type | Books |
| Withdrawn status | Lost status | Source of classification or shelving scheme | Damaged status | Not for loan | Collection code | Home library | Current library | Shelving location | Date acquired | Cost, normal purchase price | Total Checkouts | Full call number | Barcode | Date last seen | Price effective from | Koha item type |
|---|---|---|---|---|---|---|---|---|---|---|---|---|---|---|---|---|
| Dewey Decimal Classification | Non-fiction | Harvest Mission College | Harvest Mission College | General Stacks | 28.12.2018 | 360.00 | 248.4 M928A | 005952 | 28.12.2018 | 28.12.2018 | Books |
